Pakistan, to the future with hope / (Record no. 549702)

000 -LEADER
fixed length control field 00704cam a2200181 a 4500
020 ## - INTERNATIONAL STANDARD BOOK NUMBER
International Standard Book Number 9694023181
082 00 - DEWEY DECIMAL CLASSIFICATION NUMBER
Classification number 954.91
Author Mark DSH
245 00 - TITLE STATEMENT
Title Pakistan, to the future with hope /
Statement of responsibility, etc. edited by D. Shah Khan.
260 ## - PUBLICATION, DISTRIBUTION, ETC.
Place of publication, distribution, etc. Lahore :
Name of publisher, distributor, etc. Vanguard,
Date of publication, distribution, etc. 1998.
300 ## - PHYSICAL DESCRIPTION
Extent iv, 441 p. ;
Dimensions 22 cm.
520 ## - SUMMARY, ETC.
Summary, etc. Papers presented at the Second Annual Sustainable Development Conference organised by the Sustainable Development Policy Institute in Islamabad, August 4-9, 1996.
526 ## - STUDY PROGRAM INFORMATION NOTE
Program name 0
Interest level 0
Reading level 0
Title point value 954_910000000000000_DSH
650 #0 - SUBJECT ADDED ENTRY--TOPICAL TERM
Topical term or geographic name entry element MCE
9 (RLIN) 379
650 #0 - SUBJECT ADDED ENTRY--TOPICAL TERM
Topical term or geographic name entry element Sustainable development
Geographic subdivision Pakistan
9 (RLIN) 6837
700 1# - ADDED ENTRY--PERSONAL NAME
Personal name Khan, D. Shah.
9 (RLIN) 46353
710 2# - ADDED ENTRY--CORPORATE NAME
Corporate name or jurisdiction name as entry element Sustainable Development Policy Institute.
9 (RLIN) 6839
942 ## - ADDED ENTRY ELEMENTS (KOHA)
Source of classification or shelving scheme
Koha item type Book
Holdings
Withdrawn status Lost status Source of classification or shelving scheme Damaged status Not for loan Permanent Location Current Location Date acquired Total Checkouts Total Renewals Full call number Barcode Date last seen Date last checked out Price effective from Koha item type
          Military College of Engineering (MCE) Military College of Engineering (MCE) 10/09/2014 1 1 954.91 DSH MCE-44190 11/03/2020 11/03/2020 10/09/2014 Book
© 2023 Central Library, National University of Sciences and Technology. All Rights Reserved.